Dezercie a zajatia príslušníkov Zaisťovacej divízie v ZSSR v rokoch 1942-1943

Bibliographic Details
Main Author: Bielik, Peter, 1956- (Author)
Format: Article
Language:Slovak
ISSN:1335-8723
Subjects:

MARC

LEADER 00000nab a2200000 a 4500
001 vtls009326009
003 SK-MaSNL
005 20260304164632.0
008 250507c2008 xo ||||||o| ||00 b|slo
015 |a SNBRB2008/08  |2 snkbucl 
035 |a (uuid)202985b5-65d9-466b-befe-a4b699f0088f 
035 |a urn:nbn:sk:snk-ab9uxj 
035 |a (urnnbn)urn:nbn:sk:snk:ar-a08xge 
038 |a SNKBUCL 
040 |a SNKBUCL  |b slo  |c SNKBUCL  |e AACR2 
041 0 |a slo 
044 |a xo  |c SK 
080 |a 94(100)"1939/1945":355.48  |x (048)  |2 1997 
080 |a 355/359  |x (437.6)  |x "1942/1943"  |x (048)  |2 1997 
080 |a 355.48  |x (47+57)  |x "1942/1943"  |x (048)  |2 1997 
080 |a 94(437.6):355.48  |x "1942/1943"  |x (048)  |2 1997 
080 |a 94(47+57)  |x "1942/1943"  |x (048)  |2 1997 
080 |a 355.311.5  |x "1942/1943"  |x (048)  |2 1997 
080 |a 355.291.5  |x "1942/1943"  |x (048)  |2 1997 
080 |a 355.257.7  |x "1942/1943"  |x (048)  |2 1997 
100 1 |a Bielik, Peter,  |d 1956-  |4 aut  |9 169709 
245 1 0 |a Dezercie a zajatia príslušníkov Zaisťovacej divízie v ZSSR v rokoch 1942-1943  |c Peter Bielik 
610 1 7 |a Slovensko.  |b Armáda.  |b Zaisťovacia divízia  |2 snkbucl  |9 103609 
648 7 |a 1942-1943  |2 snkbucl  |9 281821 
648 7 |a 20. stor., 40. r.  |2 snkbucl  |9 771010 
650 0 7 |a druhá svetová vojna (1939-1945)  |2 snkbucl  |9 169657 
650 0 7 |a slovenskí vojaci  |2 snkbucl  |9 486937 
650 0 7 |a zaisťovacie divízie  |2 snkbucl  |9 1470995 
650 0 7 |a východný front (1939-1945)  |2 snkbucl  |9 170487 
650 0 7 |a dezercie vojakov  |2 snkbucl  |9 1460652 
650 0 7 |a vojnoví zajatci  |2 SNKPH  |9 4453 
650 0 7 |a vojenské operácie  |2 snkbucl  |9 4002 
651 7 |a Sovietsky zväz  |2 snkbucl  |9 22126 
655 7 |a recenzie  |2 snkbucl  |9 21907 
655 7 |a monografie  |2 snkbucl  |9 70139 
773 0 |t Historický zborník  |g Roč. 18, č. 1 (2008), s. 206-208  |x 1335-8723 
787 0 8 |i Rec.:  |a Lacko, Martin, 1976-  |t Dezercia a zajatia príslušníkov Zaisťovacej divízie v ZSSR v rokoch 1942-1943  |d Bratislava : Ústav pamäti národa, 2007  |z 9788096969944 
850 |a Slovenská národná knižnica 
852 |a Slovenská národná knižnica 
954 |a odborná, vedecká literatúra pôvodná (slovenská)  |2 lita 
958 |a article13 
958 |a OND 
958 |a RC 
958 |a OS 
958 |a EUIPO 
999 |c 2981021  |d 2982951